000 00327nam a2200133Ia 4500
008 240624s9999 xx 000 0 und d
041 _aeng
082 _a823 PAT
100 _aPATTANAIK DEVDUTT
245 _aPREGNANT KING
260 _c2008
_aNew Delhi
_bPenguin Books
300 _avii, : 349 : p. : cm. ; 19
365 _cRS
_b20
999 _c9630
_d9630